Рисунок XVII-XVIII веков в Болонье: [альбом]; пер. с итал.

Detalles Bibliográficos
Autor Principal: Джонстон К. Кэтрин
Summary:На пер. авт. не указан
Idioma:ruso
Publicado: Москва, Изобразительное искусство, 1985
Series:Рисунки старых мастеров Вып. 10
Subjects:
Formato: Libro
KOHA link:https://koha.lib.tpu.ru/cgi-bin/koha/opac-detail.pl?biblionumber=350510

MARC

LEADER 00000nam0a2200000 4500
001 350510
005 20231102010317.0
020 |a RU  |b 86-1209и 
035 |a (RuTPU)RU\TPU\retro\4633 
090 |a 350510 
100 |a 20190206d1985 m y0rusy5003 ca 
101 1 |a rus  |c ita 
102 |a RU 
105 |a a z 001zy 
200 1 |a Рисунок XVII-XVIII веков в Болонье  |e [альбом]  |e пер. с итал.  |f К. Джонстон 
210 |a Москва  |c Изобразительное искусство  |d 1985 
215 |a 95,[1] с.  |c гл. обр. ил.  |d 31 см 
225 1 |a Рисунки старых мастеров  |v Вып. 10 
300 |a На пер. авт. не указан 
320 |a Библиогр.: с. 94-95 
320 |a Имен. указ. художников в конце кн. 
606 1 |a Рисунок  |2 stltpush  |3 (RuTPU)RU\TPU\subj\25243  |9 49446 
610 1 |a альбомы 
610 1 |a итальянская графика 
610 1 |a 17 век 
610 1 |a 18 век 
610 1 |a Болонье 
675 |a 741  |z rus  |v 3 
700 1 |a Джонстон  |b К.  |g Кэтрин  |4 070 
801 0 |a RU  |b RuMRKP  |c 19950704  |g psbo 
801 1 |a RU  |b 63413507  |c 20190206 
801 2 |a RU  |b 63413507  |c 20190206  |g RCR 
942 |c BK